书目信息 |
| 题名: |
清华美术
|
|
| 作者: | 张敢 主编 | |
| 分册: | 卷17 当代工笔画与中国艺术精神 | |
| 出版信息: | 北京 清华大学出版社 2015.06 |
|
| 页数: | 158页 | |
| 开本: | 29cm | |
| 丛书名: | ||
| 单 册: | ||
| 中图分类: | J051 , J212.052 | |
| 科图分类: | ||
| 主题词: | 美术评论--世界 , 工笔画--绘画评论--中国--现代 | |
| 电子资源: | ||
| ISBN: | 978-7-302-39186-9 | |
| 000 | 01080nam0 2200277 450 | |
| 001 | 0120151587400 | |
| 005 | 20180917155826.82 | |
| 010 | @a978-7-302-39186-9@dCNY58.00 | |
| 100 | @a20150730d2015 em y0chiy50 ea | |
| 101 | 0 | @achi |
| 102 | @aCN@b110000 | |
| 105 | @aa z 000yy | |
| 106 | @ar | |
| 200 | 1 | @a清华美术@9qing hua mei shu@h卷17@i当代工笔画与中国艺术精神@f张敢主编 |
| 210 | @a北京@c清华大学出版社@d2015.06 | |
| 215 | @a158页@d29cm | |
| 304 | @a英文共同题名:Tsinghua arts Contemporary fine brushwork painting and spirit of Chinese arts | |
| 330 | @a工笔画是中国传统艺术样式,也是当代美术创作中一个活跃的艺术门类,本卷围绕当代工笔画与中国艺术精神,对当代工笔画创作的面貌、特点,代表性艺术家及其创作取向等相关问题展开研究和梳理,对当今了解工笔画的发展与现状具有重要意义和启发。 | |
| 333 | @a高校美术专业师生,美术研究人员 | |
| 606 | 0 | @a美术评论@y世界 |
| 606 | 0 | @a工笔画@x绘画评论@y中国@z现代 |
| 690 | @aJ051@v5 | |
| 690 | @aJ212.052@v5 | |
| 701 | 0 | @a张敢@9zhang gan@4主编 |
| 801 | 0 | @aCN@b人天书店@c20150730 |
| 905 | @b1092677-81@dJ051@e443:17@f5 | |
| 清华美术.卷17.当代工笔画与中国艺术精神/张敢主编.-北京:清华大学出版社,2015.06 |
| 158页;29cm |
| 使用对象:高校美术专业师生,美术研究人员 |
| ISBN 978-7-302-39186-9:CNY58.00 |
| 工笔画是中国传统艺术样式,也是当代美术创作中一个活跃的艺术门类,本卷围绕当代工笔画与中国艺术精神,对当代工笔画创作的面貌、特点,代表性艺术家及其创作取向等相关问题展开研究和梳理,对当今了解工笔画的发展与现状具有重要意义和启发。 |
| ● |
| 相关链接 |
|
|
|
|
正题名:清华美术
索取号:J051/443:17
 
预约/预借
| 序号 | 登录号 | 条形码 | 馆藏地/架位号 | 状态 | 备注 |
| 1 | 1092677 | 210926774 | 第一样本阅览室/ [索取号:J051/443:17] | 在馆 | |
| 2 | 1092678 | 210926783 | 教育系资料室/ [索取号:J051/443:17] | 在馆 | |
| 3 | 1092679 | 210926792 | 教育系资料室/ [索取号:J051/443:17] | 在馆 | |
| 4 | 1092680 | 210926809 | 第一借阅区/ [索取号:J051/443:17] | 在馆 | |
| 5 | 1092681 | 210926818 | 美术系资料室/ [索取号:J051/443:17] | 在馆 |